South Asian archaelogy studies (Record no. 12172)

MARC details
000 -LEADER
fixed length control field 00534nam a2200169Ia 4500
003 - CONTROL NUMBER IDENTIFIER
control field IN-BaIIA
008 - FIXED-LENGTH DATA ELEMENTS--GENERAL INFORMATION
fixed length control field 211028s9999 xx 000 0 eng d
020 ## - INTERNATIONAL STANDARD BOOK NUMBER
International Standard Book Number 81-204-0734-2
040 ## - CATALOGING SOURCE
Transcribing agency IIA Library
080 ## - UNIVERSAL DECIMAL CLASSIFICATION NUMBER
Universal Decimal Classification number 902(5)
Item number POS
245 #0 - TITLE STATEMENT
Title South Asian archaelogy studies
Statement of responsibility, etc. edited by G. L. Possehl
260 ## - PUBLICATION, DISTRIBUTION, ETC.
Place of publication, distribution, etc. New Delhi
Name of publisher, distributor, etc. Oxford & IBH
Date of publication, distribution, etc. 1992
300 ## - PHYSICAL DESCRIPTION
Extent x, 266p.
650 ## - SUBJECT ADDED ENTRY--TOPICAL TERM
Topical term or geographic name entry element Archaelogy-South Asia, Studies in Archaelogy.
9 (RLIN) 21245
700 ## - ADDED ENTRY--PERSONAL NAME
Personal name Possehl, G. L., ed.
9 (RLIN) 21246
942 ## - ADDED ENTRY ELEMENTS (KOHA)
Koha item type Books
Holdings
Withdrawn status Lost status Damaged status Not for loan Home library Current library Shelving location Date acquired Cost, normal purchase price Total Checkouts Full call number Barcode Date last seen Cost, replacement price Price effective from Koha item type Purchase Price
        IIA Library-Bangalore IIA Library-Bangalore General Stacks 05/08/1997 450.00   902(5)/ POS 13088 05/11/2021 450.00 05/08/1997 Books Rs. 450.00

Powered by Koha